| 000 | 00775nam a2200217 a 4500 | ||
|---|---|---|---|
| 001 | 000007000 | ||
| 005 | 20250725140219.0 | ||
| 008 | 090904s1986 dr a 001 0 spa d | ||
| 040 |
_aDO-SdBNP _bspa _cBNPHU |
||
| 082 |
_a113.8 _bI25d, 1986 |
||
| 100 | 1 |
_aIñiguez, Pablo _918249 |
|
| 245 | 1 | 0 |
_aDialéctica del biocosmos / _cPablo Iñiguez ; prólogo Emil Kasse Acta, J. de la Huerga. |
| 250 | _a2a ed. | ||
| 260 |
_aSanto Domingo : _bCorripio, _c1986. |
||
| 300 |
_a280 p. : _bil. ; _c23 cm. |
||
| 500 | _aIncluye referencias bibliográficas y notas al pie de las páginas | ||
| 590 | _aLa biblioteca posee 1 ejemplar autográfiado por el autor | ||
| 650 | 0 |
_a Cosmología _91848 |
|
| 650 | 4 |
_aFilosofia de la naturaleza _91849 |
|
| 700 | 1 |
_aHuerga, J. de la, _epról. _919463 |
|
| 999 |
_c6784 _d6784 |
||